| 000 | 00739cam a2200157 i 4500 | ||
|---|---|---|---|
| 005 | 20251203091645.0 | ||
| 008 | 250721s2013 jo gr 000 0 ara d | ||
| 020 | _a9789957550707 | ||
| 082 | 1 | 4 |
_a214.2 _bع ب ا |
| 100 | 1 |
_aعبابنة، يحيى عطية _eمؤلف. |
|
| 245 | 1 | 2 |
_aالذات بين البناء و التفكيك .... : _bقراءة لغوية مقارنة في جذور الذات الإلهية في العهدين القديم و الجديد / _cأ.د. يحيى عبانة. |
| 264 | 1 |
_aعمان : _bدار الكتاب الثقافي للطباعه والنشر والتوزيع ؛ _bدار اقرأ للنشر والتوزيع، _c2013. |
|
| 300 | _a118 صفحه. | ||
| 942 |
_2ddc _cBK |
||
| 999 |
_c129601 _d129601 |
||